<?xml version="1.0" encoding="UTF-8"?>
<record
    xmlns:xsi="http://www.w3.org/2001/XMLSchema-instance"
    xsi:schemaLocation="http://www.loc.gov/MARC21/slim http://www.loc.gov/standards/marcxml/schema/MARC21slim.xsd"
    xmlns="http://www.loc.gov/MARC21/slim">

  <leader>00790nam a22001331  4500</leader>
  <datafield tag="999" ind1=" " ind2=" ">
    <subfield code="c">5922</subfield>
    <subfield code="d">5922</subfield>
  </datafield>
  <datafield tag="050" ind1="0" ind2=" ">
    <subfield code="a">DA152</subfield>
    <subfield code="b">.H87 </subfield>
  </datafield>
  <datafield tag="100" ind1="1" ind2="0">
    <subfield code="a">Hunter Blair, Peter,</subfield>
  </datafield>
  <datafield tag="245" ind1="0" ind2="3">
    <subfield code="a">An introduction to Anglo-Saxon England.</subfield>
  </datafield>
  <datafield tag="260" ind1="0" ind2=" ">
    <subfield code="a">Cambridge [Eng.]</subfield>
    <subfield code="b">University Press,</subfield>
    <subfield code="c">1956.</subfield>
  </datafield>
  <datafield tag="300" ind1=" " ind2=" ">
    <subfield code="a">381 p.</subfield>
    <subfield code="b">illus.</subfield>
    <subfield code="c">23 cm.</subfield>
  </datafield>
  <datafield tag="505" ind1=" " ind2=" ">
    <subfield code="a">List of plates       Page xiii
List of maps               xv
List of text-figures      xvi
Chapter 1                  The foundations of England
Chapter 2                  Britain and the Vikings
Chapter 3                  The Church
Chapter 4                  Government
Chapter  5                 Economy
Chapter  6                 Economy
Chapter  7                 Letters
Bibliography              364
Index                         373</subfield>
  </datafield>
  <datafield tag="650" ind1=" " ind2="0">
    <subfield code="a">Anglo-Saxons.</subfield>
  </datafield>
  <datafield tag="942" ind1=" " ind2=" ">
    <subfield code="c">BK</subfield>
  </datafield>
  <datafield tag="952" ind1=" " ind2=" ">
    <subfield code="0">0</subfield>
    <subfield code="1">0</subfield>
    <subfield code="4">0</subfield>
    <subfield code="7">0</subfield>
    <subfield code="a">MUCGM</subfield>
    <subfield code="b">MUCGM</subfield>
    <subfield code="c">GEN</subfield>
    <subfield code="d">2015-09-15</subfield>
    <subfield code="l">0</subfield>
    <subfield code="o">DA152 .H87</subfield>
    <subfield code="p">1588</subfield>
    <subfield code="r">2019-08-15 00:00:00</subfield>
    <subfield code="w">2019-08-15</subfield>
    <subfield code="y">BK</subfield>
  </datafield>
</record>
